000 01165 a2200229 4500
020 _a0471246514 (hardcover)
020 _a9780471246510 (hardcover)
082 0 4 _a658
090 _c5153
_d5153
100 1 _aSchermerhorn, John R.
245 1 0 _aOrganizational behavior /
_cJohn R. Schermerhorn, James G. Hunt, Richard N. Osborn.
250 _a6 Sub ed.
260 _a[S.l.] :
_bHorizon Pubs & Distributors Inc,
_c1997.
300 _a656 p. ;
_c26 cm.
490 1 _aWiley series in management.
520 _aThis book presents the foundations of organizational behavior in a flexible, meaningful way. It provides readers with increased awareness of recent technological advances through the World Wide Web. It features an increased emphasis on globalization by including Canadian and other international companies in case studies and exercises and helps readers develop a heightened sensitivity to international market concerns.
700 1 _aHunt, James G.
700 1 _aOsborn, Richard N.
830 0 _aWiley series in management.
856 4 0 _3Amazon.com
_uhttp://www.amazon.com/exec/obidos/ASIN/0471246514/chopaconline-20
942 _aNBS
_cBK
_k658 HUN
999 _c347573
_d347573